Complex variables and applications (Record no. 3507)

000 -LEADER
fixed length control field 00586nam a22002297a 4500
001 - CONTROL NUMBER
control field 3507
003 - CONTROL NUMBER IDENTIFIER
control field BD-DhUET
008 - FIXED-LENGTH DATA ELEMENTS--GENERAL INFORMATION
fixed length control field 141101b xxu||||| |||| 00| 0 eng d
020 ## - INTERNATIONAL STANDARD BOOK NUMBER
International Standard Book Number 0070108552
040 ## - CATALOGING SOURCE
Transcribing agency 0
Modifying agency BD-DhUET
082 ## - DEWEY DECIMAL CLASSIFICATION NUMBER
Classification number 517.8
Item number CHU/1974
100 ## - MAIN ENTRY--PERSONAL NAME
Personal name Churchill, Ruel V.
245 ## - TITLE STATEMENT
Title Complex variables and applications
250 ## - EDITION STATEMENT
Edition statement 3rd ed.
260 ## - PUBLICATION, DISTRIBUTION, ETC. (IMPRINT)
Place of publication, distribution, etc. New York
Name of publisher, distributor, etc. McGraw-Hill
Date of publication, distribution, etc. 1974
300 ## - PHYSICAL DESCRIPTION
Extent x, 332 p.
Other physical details ill.
Dimensions 23 cm.
504 ## - BIBLIOGRAPHY, ETC. NOTE
Bibliography, etc Includes bibliographies
650 #0 - SUBJECT ADDED ENTRY--TOPICAL TERM
Topical term or geographic name as entry element Complex variables
700 ## - ADDED ENTRY--PERSONAL NAME
Personal name Brown, James W.
700 ## - ADDED ENTRY--PERSONAL NAME
Personal name Verhey, Roger F.
942 ## - ADDED ENTRY ELEMENTS (KOHA)
Koha item type General Book
Holdings
Koha renewals Koha item type Koha full call number Source of classification or shelving scheme Koha normalized classification for sorting Date acquired Copy number Withdrawn status Piece designation (barcode) Shelving location Koha date last borrowed Location (home branch) Damaged status Koha date last seen Price effective from Lost status Not for loan Sublocation or collection (holding branch)
 General Book517.8/CHU/1974 517_800000000000000_CHU_19742014-11-011 39411Circulation section Central Library, BUET 2014-11-012014-11-01  Central Library, BUET
 General Book517.8/CHU/1974 517_800000000000000_CHU_19742014-11-012 43301Circulation section Central Library, BUET 2014-11-012014-11-01  Central Library, BUET
 General Book517.8/CHU/1974 517_800000000000000_CHU_19742014-11-013 45109Circulation section Central Library, BUET 2014-11-012014-11-01  Central Library, BUET
 General Book517.8/CHU/1974 517_800000000000000_CHU_19742014-11-014 52889Circulation section Central Library, BUET 2016-05-182014-11-01  Central Library, BUET
 General Book517.8/CHU/1974 517_800000000000000_CHU_19742014-11-175 37655Circulation section Central Library, BUET 2016-04-022014-11-17  Central Library, BUET
2General Book517.8/CHU/1974 517_800000000000000_CHU_19742014-11-176 58032Circulation section Central Library, BUET 2016-08-302014-11-17  Central Library, BUET
 General Book517.8/CHU/1974 517_800000000000000_CHU_19742015-05-037 52887Circulation section0000-00-00Central Library, BUET 2015-05-032015-05-03  Central Library, BUET
 General Book517.8/CHU/1974 517_800000000000000_CHU_19742015-05-038 37654Circulation section Central Library, BUET 2015-05-032015-05-03  Central Library, BUET
 General Book517.8/CHU/1974 517_800000000000000_CHU_19742015-05-049 39412Circulation section Central Library, BUET 2015-05-042015-05-04  Central Library, BUET
 General Book517.8/CHU/1974 517_800000000000000_CHU_19742015-05-2010 58033Circulation section Central Library, BUET 2015-05-202015-05-20  Central Library, BUET
 Reading Item517.8/CHU/1974 517_800000000000000_CHU_19742015-06-1311 24535Reading section Central Library, BUET 2015-06-132015-06-13  Central Library, BUET
 General Book517.8/CHU/1974 517_800000000000000_CHU_19742015-07-1312 43304Circulation section Central Library, BUET 2015-07-132015-07-13  Central Library, BUET